000 01093nam a2200301 i 4500
005 20251102105335.0
008 251102s2023 my o er 000 0amay d
020 _a9789831314555
_cRM70.00
_qpaperback
040 _aPPAK
_beng
_cPPAK
_erda
082 0 4 _223
_a297.61
090 0 0 _a297.61
_bQAR
_dG
100 1 _aAl-Qardawi, Yusuf,
_d1926-2022
_cSyeikh,
_eauthor.
245 1 0 _aSebuah Autobiografi :
_bSANG PELITA UMAT /
_cSyeikh Yusuf al-Qaradawi ; Editor: Sidang Redaksi DARUL FIKIR
246 3 3 _aIbnul Qaryah wal Kuttab, Malamih Sirah wa Masirah
250 _aEdisi Bahasa Melayu
264 1 _aKuala Lumpur :
_bDARUL FIKIR,
_c[2023?]
300 _axxvi, 753 pages :
_bcolour photographs ;
_c25 cm
336 _atext
_2rdacontent
337 _aunmediated
_2rdamedia
338 _avolume
_2rdacarrier
500 _aContains verses from the Qur'an
600 1 0 _aQaradawi, Yusuf,
_d1926-2022
650 1 0 _aMuslim scholars
_vBiography
650 2 0 _aUlama
_vBiography
650 2 0 _aIslam
_xDoctrines
710 2 _aSidang Redaksi Darul Fikir,
_eeditor.
942 _2ddc
_cB
999 _c201386
_d201386